000 00580cam a22002053a 4500
001 35042
003 PGUSA
005 20140828083745.0
008 110123s2011||||xxu|||||s|||||000 | eng d
040 _aPGUSA
_beng
042 _adc
100 1 _aStoddard, William Osborn,
_d1835-1925
245 1 0 _aWinter Fun
_h[electronic resource] /
_cWilliam Osborn Stoddard
260 _bProject Gutenberg,
_c2011
506 _aPublic domain in the USA.
516 _aElectronic text
830 0 _aProject Gutenberg
_v35042
856 4 0 _uhttp://www.gutenberg.org/ebooks/35042
942 _cEB
999 _c264297
_d264297